Фоторождение η- и η'-мезонов на нуклонах; Письма в журнал "Физика элементарных частиц и атомного ядра"; Т. 10, № 4

Podrobná bibliografie
Parent link:Письма в журнал "Физика элементарных частиц и атомного ядра": научный журнал.— , 1984-
Т. 10, № 4.— 2013.— [С. 511-531]
Hlavní autor: Трясучев В. А. Владимир Андреевич
Shrnutí:Заглавие с экрана
Jazyk:ruština
Vydáno: 2013
Témata:
On-line přístup:http://www1.jinr.ru/Pepan_letters/panl_2013_4/04_try.pdf
Médium: MixedMaterials Elektronický zdroj Kapitola
KOHA link:https://koha.lib.tpu.ru/cgi-bin/koha/opac-detail.pl?biblionumber=636681

MARC

LEADER 00000nla0a2200000 4500
001 636681
005 20250403083845.0
035 |a (RuTPU)RU\TPU\network\721 
090 |a 636681 
100 |a 20140228d2013 k||y0rusy50 ca 
101 0 |a rus 
102 |a RU 
135 |a drnn ---uucaa 
181 0 |a i  
182 0 |a b 
200 1 |a Фоторождение η- и η'-мезонов на нуклонах   |d n and n' meson photoproduction on nucleons   |f В. А. Трясучев 
203 |a Текст  |c электронный 
300 |a Заглавие с экрана 
320 |a [Библиогр.: с. 531 (41 назв.)] 
461 |t Письма в журнал "Физика элементарных частиц и атомного ядра"  |o научный журнал  |d 1984- 
463 |t Т. 10, № 4  |v [С. 511-531]  |d 2013 
510 1 |a n and n' meson photoproduction on nucleons  |z eng 
610 1 |a электронный ресурс 
610 1 |a труды учёных ТПУ 
610 1 |a мезоны 
610 1 |a фоторождение 
610 1 |a нуклоны 
700 1 |a Трясучев  |b В. А.  |c российский физик  |c профессор Томского политехнического университета, доктор физико-математических наук  |f 1947-  |g Владимир Андреевич  |3 (RuTPU)RU\TPU\pers\22015 
801 2 |a RU  |b 63413507  |c 20150303  |g RCR 
856 4 |u http://www1.jinr.ru/Pepan_letters/panl_2013_4/04_try.pdf 
942 |c CF